| 000 | 01366cam a2200397 i 4500 | ||
|---|---|---|---|
| 999 |
_c200430553 _d48652 |
||
| 001 | 200430553 | ||
| 003 | TR-AnTOB | ||
| 005 | 20251014073925.0 | ||
| 007 | ta | ||
| 008 | 170715s2016 tu b 000 0 tur | ||
| 010 | _a 2016354203 | ||
| 020 | _a9786051468440 | ||
| 040 |
_aDLC _beng _cDLC _erda _dTR-AnTOB |
||
| 041 | 0 | _atur | |
| 042 |
_apcc _alcode |
||
| 043 |
_aa-tu--- _ae------ |
||
| 050 | 0 | 0 | _aKKX2484 |
| 090 |
_aKKX2484 _b.T87364 2016 |
||
| 100 | 1 |
_aTuran, Hüseyin _eauthor. _9116094 |
|
| 245 | 1 | 0 |
_aİnsan Hakları Avrupa Sözleşmesinde ve Türk hukukunda adil yargılanma hakkı / _cDr. Hüseyin Turan. |
| 246 | 3 | 0 | _aAdil yargılanma hakkı |
| 246 | 3 | 0 | _aTürk hukukunda adil yargılanma hakkı |
| 264 | 1 |
_aAnkara : _bAdalet Yayınevi, _c2016. |
|
| 300 |
_axvi, 408 pages ; _c24 cm. |
||
| 336 |
_atext _btxt _2rdacontent |
||
| 337 |
_aunmediated _bn _2rdamedia |
||
| 338 |
_avolume _bnc _2rdacarrier |
||
| 490 | 0 |
_aHukuk Yayınları Dizisi ; _v1849 |
|
| 500 | _aOriginally presented as author's thesis (doctoral)--Selçuk Üniversitesi, 2004. | ||
| 650 | 7 |
_aAdil yargılama _zTürkiye _2etuturkob _9121184 |
|
| 650 | 7 |
_aAdil yargılama _zAvrupa _2etuturkob _992252 |
|
| 650 | 7 |
_aİnsan hakları _zTürkiye _2etuturkob _911238 |
|
| 650 | 7 |
_aİnsan hakları _zAvrupa _2etuturkob _933399 |
|
| 942 |
_2lcc _cBK |
||